| 000 | 00919nam a2200229 a 4500 | ||
|---|---|---|---|
| 001 | 49455 | ||
| 003 | BD-RjUL | ||
| 005 | 20211209054701.0 | ||
| 008 | 160821s1977 bg ||||| |||| 00| 0 ben d | ||
| 020 | _c: Tk.12.00 | ||
| 035 | _a(BD-RjUL)49574 | ||
| 040 |
_aBD-RjUL _bben _cBD-RjUL _dBD-RjUL |
||
| 041 | _aben | ||
| 082 |
_223 _a539.75 _bKHP 1977 |
||
| 100 |
_aখান, মোঃ রশিদুজ্জামান _9123341 |
||
| 245 | 1 | 0 |
_aপারমাণবিক চুল্লী ও বোমা / _cমোঃ রশিদুজ্জামান খান |
| 260 |
_aঢাকা : _bবাংলা একাডেমী, _c১৯৭৭ |
||
| 300 |
_a১৬৪ পৃ. : _bচিত্র. ; _c২১ সেমি. |
||
| 650 |
_aপরমাণু কার্যক্রম ও মিথষ্ক্রিয়া. _9148420 |
||
| 650 |
_aNuclear activities and interactions _9148421 |
||
| 942 |
_2ddc _cBK |
||
| 999 |
_c49455 _d49455 |
||